Normal view MARC view
  • Nathan, Marcel

Entry Nombre Personal

Number of records used in: 1

001 - NUMERO DE CONTROL

  • campo de control: 52696

003 - IDENTIFICADOR DE NUMERO DE CONTROL

  • campo de control: DLC

005 - FECHA Y HORA DE LA ÜLTIMA TRANSACCIÓN

  • campo de control: 20240705111655.0

008 - DATOS DE LONGITUD FIJA

  • campo de control de longitud fija: 990115n| acannaab| |a aaa c

010 ## - NÚMERO DE CONTROL DE LA BIBLIOTECA DEL CONGRESO

  • Número de control LC: no 99003098

035 ## - NUMERO DE CONTROL

  • Número de control: (OCoLC)oca04898392

040 ## - FUENTE DE CATALOGACIÓN

  • Agencia original de catalogación: OAkU-AV
  • Lenguaje de catalogación: spa
  • Agencia de transcripción: OAkU-AV
  • Agencia que lo modifica: MX-MxUPN

100 1# - ENCABEZAMIENTO - NOMBRE PERSONAL

  • Nombre personal: Nathan, Marcel

400 10 - VEÁSE - NOMBRE DE PERSONA

  • Personal name: Nathan, M.
  • Fuller form of name: (Marcel)

670 ## - FUENTE EN LA QUE SE LOCALIZARON DATOS

  • Cita de la fuente: Manuel élémentaire de psychiatrie, 1930:
  • Información localizada: portada (M. Nathan; ex-interne des Hôpitaux Ancien Chef de clinique à la Faculté de Paris)

670 ## - FUENTE EN LA QUE SE LOCALIZARON DATOS

  • Cita de la fuente: OCLC, Jan. 15, 1999
  • Información localizada: (hdg.: Nathan, Marcel; usage: Marcel Nathan, M. Nathan)

670 ## - FUENTE EN LA QUE SE LOCALIZARON DATOS

  • Cita de la fuente: Les arriérés scolaires : conférences médico-pedagogiques, 1913:
  • Información localizada: portada (Marcel Nathan)

902 ## - CATALOGADOR

  • Catalogador: Víctor Ruiz/050724